000 01763cam a2200133 4500500
005 20260405033038.0
041 _afre
042 _adc
100 1 0 _aBenraad, Myriam
_eauthor
245 0 0 _aGéopolitique de la colère : De la globalisation heureuse au grand courroux
260 _bLe Cavalier Bleu,
_c2024.
520 _aDe toutes les émotions, la colère est l’une des plus puissantes. Elle s’accompagne de bien d’autres affects – indignation, culpabilité, amertume, ressentiment, haine, désir de vengeance – dénominateurs communs d’une actualité bouillonnante mais particulièrement confuse. Violences politiques et terrorismes transnationaux, soulèvements populaires et protestations « indignées » à travers le monde, insurrections armées au long cours, montée des populismes et reflux des nationalismes, regains et consolidations autoritaires, haine de l’« autre », interminables guerres civiles et conflits gelés, rancœurs sociétales nouvelles comme plus anciennes, belligérances numériques inédites… Inexorablement, sous nos yeux, c’est bien la colère qui semble dévorer une globalisation que d’aucuns qualifiaient autrefois d’« heureuse ». Se plaçant sur le terrain singulier de la géopolitique, Myriam ­Benraad analyse ce qu’« être en colère » signifie, comment cette émotion se manifeste à l’échelle planétaire, quels en sont les protagonistes, dynamiques et enjeux. Assistons-nous à un phénomène passager ou cet emportement général, visible partout, a-t-il déjà mué en logique durable laissant craindre un XXIe siècle particulièrement brutal et instable ?
856 4 1 _uhttps://shs.cairn.info/geopolitique-de-la-colere--9791031807034?lang=fr&redirect-ssocas=7080
999 _c2159072
_d2159072